[Event "Junior Online 4NCL Division 5"]
[Site "online"]
[Date "2021.01.21"]
[Round "1.202"]
[White "Leatham, Bertie"]
[Black "Walsh, Conor"]
[Result "0-1"]
[WhiteElo "1206"]
[BlackElo "800"]
[PlyCount "128"]
[EventDate "2021.01.21"]
[WhiteTeam "Hull & York Knights"]
[BlackTeam "St. Laurence's BNS 1"]

1. e4 c5 2. d4 cxd4 3. c3 Nf6 4. Bd3 e5 5. Nf3 Nc6 6. O-O Be7 7. Bd2 O-O 8. Re1
d6 9. h3 Be6 10. Ng5 Bd7 11. Kh1 h6 12. Nf3 Qc8 13. Kh2 d5 14. exd5 Nxd5 15.
Bc4 Nb6 16. Bd3 Bd6 17. Na3 e4+ 18. Kg1 exd3 19. cxd4 Re8 20. Rf1 Nd5 21. Nc4
Bc7 22. Bc3 Nxc3 23. bxc3 Bf5 24. Kh1 Be4 25. a3 Qf5 26. Kg1 Bxf3 27. Qxf3 Qxf3
28. gxf3 Re6 29. Kh1 Rf6 30. Nd2 Bf4 31. Ne4 Rf5 32. a4 Bg5 33. Nxg5 hxg5 34.
Kg2 Rc8 35. Ra3 Re8 36. Ra2 Rf6 37. d5 Na5 38. Rd1 Nb3 39. Rxd3 Nc1 40. Re3
Rxe3 41. Rc2 Rexf3 42. Rxc1 Rxf2+ 43. Kg1 Ra2 44. Rd1 Kf8 45. d6 Ke8 46. d7+
Kd8 47. Kh1 Rc6 48. Kg1 Rc7 49. Rf1 Rxd7 50. Kh1 Rdd2 51. Rb1 b6 52. a5 Rdb2
53. Rd1+ Kc7 54. axb6+ Kxb6 55. Rd6+ Kc5 56. Rd1 Kc4 57. Re1 Kxc3 58. Rc1+ Rc2
59. Rxc2+ Rxc2 60. Kg1 Kd3 61. Kh1 Ke3 62. Kg1 Kf3 63. Kh1 Kg3 64. h4 Rc1# 0-1

[Event "Junior Online 4NCL Division 5"]
[Site "online"]
[Date "2021.01.21"]
[Round "1.203"]
[White "McAuley, Jamie"]
[Black "Alwis, Benji"]
[Result "0-1"]
[WhiteElo "700"]
[BlackElo "1090"]
[PlyCount "60"]
[EventDate "2021.01.21"]
[WhiteTeam "St. Laurence's BNS 1"]
[BlackTeam "Hull & York Knights"]

1. e4 e5 2. Nf3 Nc6 3. Nc3 Nf6 4. Bc4 b6 5. Ng5 d5 6. exd5 Nd4 7. d6 Be6 8.
Bxe6 fxe6 9. dxc7 Qxc7 10. O-O Bc5 11. h4 O-O 12. Ne2 Nf5 13. Nxe6 Qc6 14. Nxf8
Rxf8 15. g3 Ng4 16. Nc3 h5 17. Re1 Bxf2+ 18. Kf1 Qh1+ 19. Ke2 Nd4+ 20. Kd3 Bxe1
21. Qe2 Rf3+ 22. Ke4 Rf2+ 23. Kd3 Nxe2 24. Nxe2 Qf3+ 25. Kc4 Qe4+ 26. Kc3 Qxe2
27. a3 Qd1 28. b4 Bxd2+ 29. Kb2 Ne3 30. Bxd2 Qxc2# 0-1

[Event "Junior Online 4NCL Division 5"]
[Site "online"]
[Date "2021.01.21"]
[Round "1.204"]
[White "Meyers, Grace"]
[Black "Cooney, Felipe"]
[Result "0-1"]
[WhiteElo "1023"]
[BlackElo "700"]
[PlyCount "80"]
[EventDate "2021.01.21"]
[WhiteTeam "Hull & York Knights"]
[BlackTeam "St. Laurence's BNS 1"]

1. e4 e5 2. Nf3 Nc6 3. Nc3 Nf6 4. Bc4 Nxe4 5. O-O Nxc3 6. dxc3 Bc5 7. Bg5 Be7
8. Bxe7 Qxe7 9. Re1 O-O 10. Re2 d6 11. h3 Bf5 12. Qd2 e4 13. Nd4 Nxd4 14. cxd4
Rad8 15. Rae1 d5 16. Bb3 Rfe8 17. a3 Qf6 18. Re3 c5 19. c3 cxd4 20. cxd4 Qb6
21. Qd1 a5 22. Qd2 Qa6 23. Ba2 b5 24. b3 Rb8 25. b4 axb4 26. Qxb4 Qb6 27. Rb1
Bd7 28. Bxd5 Ra8 29. Rd1 Ra4 30. Qc3 Rd8 31. Bxe4 Be6 32. Red3 Bd5 33. Bxd5
Rxd5 34. f3 b4 35. axb4 Ra2 36. Re1 h6 37. Qc4 Rb2 38. Qxd5 Qg6 39. Qd8+ Kh7
40. Re8 Qxg2# 0-1

[Event "Junior Online 4NCL Division 5"]
[Site "online"]
[Date "2021.01.21"]
[Round "1.205"]
[White "Meredith, Daniel"]
[Black "Cooney, Lorcan"]
[Result "0-1"]
[WhiteElo "1278"]
[BlackElo "1255"]
[PlyCount "66"]
[EventDate "2021.01.21"]
[WhiteTeam "Hull & York Knights"]
[BlackTeam "St. Laurence's BNS 1"]

1. d4 d5 2. c4 e6 3. Nf3 Nf6 4. Nc3 c5 5. cxd5 exd5 6. dxc5 Bxc5 7. Bf4 Nc6 8.
e3 O-O 9. Bd3 Re8 10. O-O Bg4 11. h3 Bh5 12. Be2 Ne4 13. Nxe4 dxe4 14. Nd2 Bxe2
15. Qxe2 Bb4 16. Rfd1 Qf6 17. Rab1 Red8 18. Nxe4 Qf5 19. Ng3 Qf6 20. Rxd8+ Rxd8
21. Qb5 Qg6 22. Qf5 Qxf5 23. Nxf5 Rd2 24. a3 Ba5 25. e4 Re2 26. f3 Bb6+ 27. Kf1
Rf2+ 28. Ke1 Rxg2 29. Ne3 Ba5+ 30. b4 Rg1+ 31. Nf1 Bb6 32. Ke2 Rh1 33. Nh2 Rxb1
0-1

[Event "Junior Online 4NCL Division 5"]
[Site "online"]
[Date "2021.01.21"]
[Round "1.206"]
[White "Walsh, Conor"]
[Black "Leatham, Bertie"]
[Result "1-0"]
[WhiteElo "800"]
[BlackElo "1206"]
[PlyCount "73"]
[EventDate "2021.01.21"]
[WhiteTeam "St. Laurence's BNS 1"]
[BlackTeam "Hull & York Knights"]

1. d4 d5 2. c4 e6 3. Nc3 Nf6 4. e3 c5 5. Nge2 Nc6 6. g3 Bd6 7. Bg2 Bc7 8. b3
O-O 9. Bd2 b6 10. O-O Bb7 11. Qc2 Re8 12. Rfe1 Qd7 13. Nb5 Bb8 14. a3 a6 15.
Nbc3 Na5 16. Nc1 dxc4 17. bxc4 Nxc4 18. Na4 Nxd2 19. Nxb6 Qb5 20. Nxa8 Bxg2 21.
Kxg2 Nfe4 22. f3 Nc4 23. Qxe4 Qb2+ 24. Ne2 Nxa3 25. Rac1 cxd4 26. exd4 f5 27.
Qd3 Nb5 28. Nb6 Ba7 29. Nc4 Qb4 30. Rb1 Qe7 31. d5 Qc5 32. Rf1 exd5 33. Nd2 Qd6
34. Rbe1 Qg6 35. Qxd5+ Kh8 36. Nf4 Qb6 37. Rxe8# 1-0

[Event "Junior Online 4NCL Division 5"]
[Site "online"]
[Date "2021.01.21"]
[Round "1.207"]
[White "Alwis, Benji"]
[Black "McAuley, Jamie"]
[Result "1-0"]
[WhiteElo "1090"]
[BlackElo "700"]
[PlyCount "33"]
[EventDate "2021.01.21"]
[WhiteTeam "Hull & York Knights"]
[BlackTeam "St. Laurence's BNS 1"]

1. e4 e5 2. Nf3 Nc6 3. d4 exd4 4. c3 Nf6 5. Bd3 dxc3 6. Nxc3 Bb4 7. Bd2 Bxc3 8.
Bxc3 O-O 9. O-O Qe7 10. Re1 Qd6 11. e5 Qe7 12. exf6 Qd8 13. Bxh7+ Kxh7 14. Ng5+
Kg8 15. Qh5 Re8 16. Qh7+ Kf8 17. Qxg7# 1-0

[Event "Junior Online 4NCL Division 5"]
[Site "online"]
[Date "2021.01.21"]
[Round "1.208"]
[White "Cooney, Felipe"]
[Black "Meyers, Grace"]
[Result "1-0"]
[WhiteElo "700"]
[BlackElo "1023"]
[PlyCount "53"]
[EventDate "2021.01.21"]
[WhiteTeam "St. Laurence's BNS 1"]
[BlackTeam "Hull & York Knights"]

1. e4 e5 2. Nc3 Nc6 3. Nf3 Nf6 4. Be2 a6 5. d3 h6 6. Be3 d6 7. O-O Bg4 8. h3
Bxf3 9. Bxf3 Nd4 10. Bxd4 exd4 11. Nd5 Nxd5 12. exd5 Be7 13. c3 O-O 14. cxd4
Bf6 15. Qb3 b6 16. Qd1 Bxd4 17. Rb1 Re8 18. Re1 Rxe1+ 19. Qxe1 Qe8 20. Qxe8+
Rxe8 21. b3 a5 22. Rc1 c5 23. dxc6 Re3 24. c7 Rxd3 25. Be4 Rc3 26. Rxc3 Bxc3
27. c8=Q# 1-0

[Event "Junior Online 4NCL Division 5"]
[Site "online"]
[Date "2021.01.21"]
[Round "1.211"]
[White "Patel, Aashna"]
[Black "Song, Ruien"]
[Result "0-1"]
[WhiteElo "1460"]
[BlackElo "827"]
[PlyCount "76"]
[EventDate "2021.01.21"]
[WhiteTeam "Chess Challengers D"]
[BlackTeam "London Dragons Queens"]

1. e4 c5 2. c3 d6 3. d4 cxd4 4. cxd4 Nf6 5. Nc3 g6 6. Bf4 Bg7 7. Nf3 O-O 8. Bc4
e6 9. O-O d5 10. exd5 exd5 11. Bd3 Nc6 12. Bg5 Bg4 13. h3 Bxf3 14. Qxf3 Nxd4
15. Qf4 Ne6 16. Bxf6 Bxf6 17. Qf3 Nd4 18. Nxd5 Nxf3+ 19. gxf3 Qxd5 20. Rad1
Qxf3 21. Be2 Qxe2 22. Rfe1 Qxb2 23. a4 Bd4 24. Rf1 b5 25. axb5 a5 26. Rb1 Qc3
27. b6 Bxb6 28. Rxb6 a4 29. Rbb1 a3 30. Ra1 Qxh3 31. Rfe1 Rfb8 32. Re3 Qg4+ 33.
Rg3 Qe6 34. Kf1 Qf6 35. Rg2 Qxa1+ 36. Ke2 a2 37. f3 Qb2+ 38. Kf1 a1=R# 0-1

[Event "Junior Online 4NCL Division 5"]
[Site "online"]
[Date "2021.01.21"]
[Round "1.213"]
[White "Devalia, Aadishesh"]
[Black "Liu, Zhengzheng"]
[Result "0-1"]
[WhiteElo "1452"]
[BlackElo "780"]
[PlyCount "124"]
[EventDate "2021.01.21"]
[WhiteTeam "Chess Challengers D"]
[BlackTeam "London Dragons Queens"]

1. e4 c5 2. Nc3 Nc6 3. Nf3 e5 4. Bc4 a6 5. d3 b5 6. Bb3 b4 7. Na4 Nf6 8. O-O d6
9. Be3 Be7 10. Re1 O-O 11. Qe2 Na5 12. Rad1 Nxb3 13. axb3 Bg4 14. Ra1 a5 15. c3
Bd7 16. Bg5 h6 17. Bxf6 Bxf6 18. c4 Bg4 19. h3 Be6 20. Rac1 Bd7 21. Ra1 Re8 22.
Qe3 Bg5 23. Nxg5 Qxg5 24. Qxg5 hxg5 25. Re3 g4 26. hxg4 Bxg4 27. Rg3 Be6 28.
Nb6 Ra6 29. Nd5 Bxd5 30. cxd5 f6 31. Re3 Kf7 32. Rae1 a4 33. Ra1 a3 34. bxa3
bxa3 35. Re2 Rea8 36. Rea2 Ke7 37. Kf1 Kd7 38. Ke1 Kc7 39. Kd2 Kb6 40. Kc3 Kb5
41. b4 cxb4+ 42. Kb3 Rc8 43. Rc2 Rxc2 44. Kxc2 Ka4 45. Ra2 b3+ 46. Kb1 bxa2+
47. Kxa2 Kb4 48. f3 Kc3 49. g4 Kxd3 50. f4 Kxe4 51. f5 Kxd5 52. g5 fxg5 53. f6
gxf6 54. Ka1 g4 55. Ka2 g3 56. Ka1 g2 57. Ka2 g1=Q 58. Kb3 Rb6+ 59. Ka2 Qf2+
60. Ka1 Qe1+ 61. Ka2 Qd2+ 62. Kxa3 Qa5# 0-1

[Event "Junior Online 4NCL Division 5"]
[Site "online"]
[Date "2021.01.21"]
[Round "1.214"]
[White "Pan, Ailun"]
[Black "Madan, Shivank"]
[Result "1-0"]
[WhiteElo "750"]
[BlackElo "1450"]
[PlyCount "91"]
[EventDate "2021.01.21"]
[WhiteTeam "London Dragons Queens"]
[BlackTeam "Chess Challengers D"]

1. e4 e5 2. Nf3 Nc6 3. Bc4 h6 4. O-O Nf6 5. Nc3 Bc5 6. d3 O-O 7. a3 Ng4 8. Qd2
d6 9. h3 Nxf2 10. Rxf2 Bxf2+ 11. Qxf2 Be6 12. Bxe6 fxe6 13. Be3 d5 14. exd5
exd5 15. Qg3 Qf6 16. Nxd5 Qd6 17. Nc3 e4 18. Nxe4 Qxg3 19. Nxg3 Rae8 20. Bc5
Rf7 21. Ne4 b6 22. Bb4 Nxb4 23. axb4 Ra8 24. c4 Rd7 25. Ne5 Rdd8 26. b5 a5 27.
b3 Re8 28. d4 Rad8 29. Rd1 Rf8 30. Nc6 Rde8 31. Re1 Rf4 32. Nf6+ Rxf6 33. Rxe8+
Kf7 34. Re7+ Kg8 35. Rxc7 Rg6 36. Ne7+ Kf7 37. Nxg6+ Kxg6 38. Rc6+ Kh7 39. Rxb6
Kg8 40. c5 Kf8 41. Rd6 Ke7 42. b6 Ke8 43. b7 Ke7 44. b8=Q Kf7 45. Qc7+ Ke8 46.
Rd8# 1-0

[Event "Junior Online 4NCL Division 5"]
[Site "online"]
[Date "2021.01.21"]
[Round "1.215"]
[White "Song, Ruien"]
[Black "Patel, Aashna"]
[Result "0-1"]
[WhiteElo "827"]
[BlackElo "1460"]
[PlyCount "90"]
[EventDate "2021.01.21"]
[WhiteTeam "London Dragons Queens"]
[BlackTeam "Chess Challengers D"]

1. e4 e5 2. d4 f6 3. dxe5 fxe5 4. Qh5+ g6 5. Qxe5+ Qe7 6. Qxh8 Qxe4+ 7. Ne2 Nh6
8. f3 Qxc2 9. Bxh6 Qc5 10. Bxf8 Qxf8 11. Qxh7 Qd6 12. Qxg6+ Qxg6 13. h4 Qh7 14.
h5 Qh6 15. f4 d5 16. g4 Bxg4 17. Ng3 Nd7 18. Nc3 O-O-O 19. Nxd5 Qe6+ 20. Be2
Qxd5 21. h6 Re8 22. h7 Rh8 23. Bxg4 Kb8 24. Rd1 Qa5+ 25. Kf1 Nf6 26. Rd8+ Rxd8
27. h8=Q Qa6+ 28. Ne2 Re8 29. Rh6 Qb6 30. Bh5 Rc8 31. Bg4 Re8 32. Bd7 Rg8 33.
Rg6 Rxh8 34. b3 Qa6 35. a4 Rf8 36. Kf2 Qb6+ 37. Kf1 Qxb3 38. f5 Nxd7 39. Rg7
Nb6 40. Nc1 Qc4+ 41. Kg1 Qxc1+ 42. Kg2 Qc3 43. Kh2 Rd8 44. Rh7 Rd2+ 45. Kh1
Qc1# 0-1

[Event "Junior Online 4NCL Division 5"]
[Site "online"]
[Date "2021.01.21"]
[Round "1.216"]
[White "Tolani, Kabir"]
[Black "Gan, Mark"]
[Result "1/2-1/2"]
[WhiteElo "1455"]
[BlackElo "820"]
[PlyCount "139"]
[EventDate "2021.01.21"]
[WhiteTeam "Chess Challengers D"]
[BlackTeam "London Dragons Queens"]

1. e4 c5 2. Nc3 d6 3. Bb5+ Bd7 4. Bxd7+ Nxd7 5. Nf3 Ngf6 6. d3 g6 7. Bg5 Bg7 8.
Qd2 h6 9. Bh4 O-O 10. O-O Rb8 11. Rfe1 a6 12. e5 dxe5 13. Nxe5 Nxe5 14. Rxe5
Rc8 15. Rd1 Re8 16. Bxf6 Bxf6 17. Rd5 Bxc3 18. Rxd8 Bxd2 19. Rxe8+ Rxe8 20.
Rxd2 Rd8 21. h3 c4 22. Kh2 e5 23. Kg3 e4 24. d4 f5 25. Kf4 Rd5 26. c3 Kf7 27.
Ke3 Ke6 28. Kf4 Kd6 29. g3 Ra5 30. b4 Rd5 31. g4 Ke6 32. Re2 Kf6 33. gxf5 gxf5
34. h4 Kg6 35. f3 exf3 36. Kxf3 Rd6 37. Rg2+ Kh5 38. Kg3 f4+ 39. Kxf4 Rf6+ 40.
Ke5 Rf3 41. Rh2 Rxc3 42. d5 Rd3 43. d6 c3 44. Ke6 Re3+ 45. Kd5 Rd3+ 46. Ke6
Re3+ 47. Kd5 Rd3+ 48. Ke5 Rd2 49. Rh1 c2 50. Rc1 Kxh4 51. Ke6 Re2+ 52. Kd5 Rd2+
53. Ke5 Kg3 54. Ke6 Re2+ 55. Kd7 b5 56. Kc7 Rd2 57. d7 h5 58. d8=Q Rxd8 59.
Kxd8 h4 60. Rxc2 h3 61. Rc3+ Kg2 62. Rc2+ Kg3 63. Rc7 h2 64. Rg7+ Kf2 65. Rh7
Kg2 66. Rg7+ Kf1 67. Rh7 Kg2 68. Rg7+ Kf1 69. Rf7+ Kg2 70. Rg7+ 1/2-1/2

[Event "Junior Online 4NCL Division 5"]
[Site "online"]
[Date "2021.01.21"]
[Round "1.217"]
[White "Liu, Zhengzheng"]
[Black "Devalia, Aadishesh"]
[Result "1-0"]
[WhiteElo "780"]
[BlackElo "1452"]
[PlyCount "137"]
[EventDate "2021.01.21"]
[WhiteTeam "London Dragons Queens"]
[BlackTeam "Chess Challengers D"]

1. e4 e5 2. Nf3 Nc6 3. Bc4 Bc5 4. c3 Nf6 5. d3 O-O 6. Nbd2 d6 7. d4 exd4 8.
cxd4 Bxd4 9. Nxd4 Nxd4 10. Nb3 Nxb3 11. Qxb3 c6 12. Bd3 d5 13. exd5 cxd5 14.
Bg5 Qa5+ 15. Bd2 Qd8 16. O-O Be6 17. Qxb7 Qb6 18. Qxb6 axb6 19. Bg5 Ng4 20. h3
Ne5 21. Rfd1 Nxd3 22. Rxd3 h6 23. Be3 Rfd8 24. Bxb6 Rdb8 25. Bd4 Ra4 26. b3
Rab4 27. Be5 R8b7 28. Bd6 Re4 29. f3 Re2 30. Kh2 Rd7 31. Bg3 d4 32. Rad1 Rxa2
33. Rxd4 Rxd4 34. Rxd4 Rb2 35. b4 Kh7 36. Bd6 Kg6 37. Bc5 Kf5 38. Rg4 Kf6 39.
Bd4+ Ke7 40. Bxb2 Bxg4 41. hxg4 f6 42. b5 Kd7 43. Kg3 Kc7 44. Kf4 Kb6 45. Kf5
Kxb5 46. Kg6 Kc4 47. Kxg7 Kd3 48. Kxf6 Ke3 49. Kf5 Kf2 50. g5 hxg5 51. Kxg5
Kxg2 52. f4 Kf3 53. f5 Ke4 54. f6 Kd5 55. f7 Ke6 56. f8=Q Kd5 57. Bd4 Ke6 58.
Be5 Kd7 59. Bc7 Kxc7 60. Qf6 Kd7 61. Kf5 Kc7 62. Qe6 Kd8 63. Qf7 Kc8 64. Qe7
Kb8 65. Qd7 Ka8 66. Ke5 Kb8 67. Kd6 Ka8 68. Kc6 Kb8 69. Qb7# 1-0

[Event "Junior Online 4NCL Division 5"]
[Site "online"]
[Date "2021.01.21"]
[Round "1.218"]
[White "Madan, Shivank"]
[Black "Pan, Ailun"]
[Result "0-1"]
[WhiteElo "1450"]
[BlackElo "750"]
[PlyCount "124"]
[EventDate "2021.01.21"]
[WhiteTeam "Chess Challengers D"]
[BlackTeam "London Dragons Queens"]

1. e4 e5 2. Nf3 Nc6 3. Bc4 Bc5 4. O-O Nf6 5. Nc3 O-O 6. a3 d6 7. b4 Bd4 8. Nxd4
exd4 9. Nd5 Bg4 10. Nxf6+ Qxf6 11. Qxg4 Ne5 12. Qe2 Nxc4 13. Qxc4 Rac8 14. c3
dxc3 15. dxc3 c6 16. Qe2 Qxc3 17. Bb2 Qb3 18. Rab1 Qe6 19. Qf3 c5 20. bxc5 Rxc5
21. Qg3 g6 22. Qh4 Rh5 23. Qg3 Qxe4 24. Qxd6 Rg5 25. f3 Qc2 26. Rf2 Qxb1+ 27.
Rf1 Qxb2 28. Rf2 Qe5 29. Qxe5 Rxe5 30. Rf1 Rfe8 31. Kf2 Re2+ 32. Kg3 Ra2 33.
Rb1 b6 34. Rb3 Ree2 35. Kh3 Rxg2 36. Kh4 Rxh2+ 37. Kg3 Rag2+ 38. Kf4 g5+ 39.
Ke3 Rb2 40. Rd3 Rbe2+ 41. Kd4 Rd2 42. Rxd2 Rxd2+ 43. Kc3 Rf2 44. Kd3 Rxf3+ 45.
Ke4 Rf4+ 46. Ke3 Rf6 47. Ke2 g4 48. Ke3 g3 49. Ke4 g2 50. Ke5 g1=Q 51. Kxf6
Qg6+ 52. Ke5 h5 53. Kf4 h4 54. Kf3 h3 55. Kf4 h2 56. Kf3 h1=Q+ 57. Kf4 Qf1+ 58.
Ke3 Qd1 59. a4 Qe6+ 60. Kf4 Qf1+ 61. Kg5 Qg6+ 62. Kh4 Qh1# 0-1

[Event "Junior Online 4NCL Division 5"]
[Site "online"]
[Date "2021.01.21"]
[Round "1.221"]
[White "Kovalev, Rostislav"]
[Black "Pyla, Akhil"]
[Result "0-1"]
[WhiteElo "800"]
[BlackElo "1426"]
[PlyCount "196"]
[EventDate "2021.01.21"]
[WhiteTeam "Brentwood School C"]
[BlackTeam "Chess Challengers E"]

1. e4 e5 2. Nf3 Nc6 3. Bb5 Qf6 4. Bxc6 bxc6 5. Nc3 Bc5 6. d3 Nh6 7. Bxh6 gxh6
8. Qe2 d6 9. O-O-O Bg4 10. h3 Bxf3 11. Qxf3 Qxf3 12. gxf3 Bd4 13. Rhf1 Bxc3 14.
bxc3 O-O-O 15. c4 d5 16. cxd5 cxd5 17. exd5 Rxd5 18. Kd2 Rd4 19. c3 Rh4 20. Rh1
Rf4 21. Ke3 Ra4 22. Ra1 Ra3 23. Rhc1 Rg8 24. d4 exd4+ 25. Kd3 dxc3 26. Rxc3
Rxc3+ 27. Kxc3 Rg2 28. Re1 Rxf2 29. Re8+ Kd7 30. Rh8 Rxf3+ 31. Kd4 Rxh3 32.
Rxh7 h5 33. Rxf7+ Kc6 34. Kc4 Rg3 35. Rf6+ Kb7 36. Kb5 h4 37. Rh6 c6+ 38. Kc5
Rg5+ 39. Kb4 c5+ 40. Kc4 Rg4+ 41. Kc3 c4 42. a3 a5 43. a4 Kc7 44. Rh7+ Kd6 45.
Rh6+ Ke5 46. Rh5+ Kf4 47. Rxa5 Kg3 48. Kc2 h3 49. Rh5 h2 50. Rxh2 Kxh2 51. Kc3
Kg3 52. a5 Kf4 53. a6 Rg3+ 54. Kxc4 Rg8 55. a7 Ra8 56. Kb5 Rxa7 57. Kb6 Rd7 58.
Kc6 Rd1 59. Kc5 Ke4 60. Kc6 Rd5 61. Kc7 Ke5 62. Kc6 Ke6 63. Kc7 Rd6 64. Kc8 Ke7
65. Kb7 Ke8 66. Kc7 Ke7 67. Kb7 Kd7 68. Ka7 Rc6 69. Kb7 Rh6 70. Ka7 Kc6 71. Ka8
Rh7 72. Kb8 Kb6 73. Kc8 Kc6 74. Kd8 Rg7 75. Ke8 Kd6 76. Kf8 Re7 77. Kg8 Ke6 78.
Kf8 Kf6 79. Kg8 Rf7 80. Kh8 Re7 81. Kg8 Kg6 82. Kf8 Ra7 83. Ke8 Rf7 84. Kd8 Kf6
85. Ke8 Ke6 86. Kd8 Re7 87. Kc8 Kd6 88. Kd8 Rh7 89. Ke8 Kc7 90. Kf8 Kd8 91. Kg8
Re7 92. Kf8 Rc7 93. Kg8 Ke8 94. Kh8 Rf7 95. Kg8 Ke7 96. Kh8 Kf6 97. Kg8 Kg6 98.
Kh8 Rf8# 0-1

[Event "Junior Online 4NCL Division 5"]
[Site "online"]
[Date "2021.01.21"]
[Round "1.222"]
[White "Pang, Isobel"]
[Black "Jassar, Ryan"]
[Result "1-0"]
[WhiteElo "1420"]
[BlackElo "800"]
[PlyCount "47"]
[EventDate "2021.01.21"]
[WhiteTeam "Chess Challengers E"]
[BlackTeam "Brentwood School C"]

1. e4 Nf6 2. Nc3 d5 3. d3 d4 4. Nb5 Na6 5. c3 Bd7 6. Nxd4 Rc8 7. Bf4 Bg4 8.
Ngf3 Bd7 9. Be2 Nc5 10. O-O Ba4 11. b3 Bd7 12. b4 Nh5 13. Be3 Na6 14. a4 Nb8
15. c4 g6 16. b5 Bh6 17. Bxh6 e5 18. Nxe5 g5 19. Bxh5 Qf6 20. Bxf7+ Kd8 21. Nf5
Qxe5 22. Qh5 Qf6 23. Bxg5 Qxg5 24. Qxg5# 1-0

[Event "Junior Online 4NCL Division 5"]
[Site "online"]
[Date "2021.01.21"]
[Round "1.223"]
[White "Wand, Matthew"]
[Black "Mohanraj, Vibu Karthik"]
[Result "0-1"]
[WhiteElo "750"]
[BlackElo "1420"]
[PlyCount "62"]
[EventDate "2021.01.21"]
[WhiteTeam "Brentwood School C"]
[BlackTeam "Chess Challengers E"]

1. e3 e5 2. Bc4 Be7 3. Qh5 Nh6 4. Qxe5 O-O 5. Qh5 Nc6 6. Bf1 d6 7. Qd1 Bg4 8.
f3 Bh5 9. g4 Bg6 10. Bd3 Bxd3 11. cxd3 Bh4+ 12. Kf1 Re8 13. g5 Nf5 14. f4 g6
15. a4 a5 16. Qf3 Qd7 17. b3 b6 18. e4 Nfd4 19. Qe3 Nc2 20. Qe2 Nxa1 21. Bb2
Nxb3 22. f5 gxf5 23. Nf3 Bxg5 24. Nxg5 fxe4 25. Nxe4 Qf5+ 26. Nf2 Rxe2 27. Kxe2
Re8+ 28. Kf1 Ne5 29. d4 Nd3 30. Rg1+ Kf8 31. h4 Qxf2# 0-1

[Event "Junior Online 4NCL Division 5"]
[Site "online"]
[Date "2021.01.21"]
[Round "1.224"]
[White "Sethi, Siddharth"]
[Black "Wagner, Jacob"]
[Result "1-0"]
[WhiteElo "1416"]
[BlackElo "750"]
[PlyCount "51"]
[EventDate "2021.01.21"]
[WhiteTeam "Chess Challengers E"]
[BlackTeam "Brentwood School C"]

1. c4 e6 2. f4 Bc5 3. Nf3 Qf6 4. e3 Nh6 5. g3 Ng4 6. d4 Nxe3 7. Qe2 Nxf1 8.
dxc5 Nxh2 9. Nxh2 d5 10. Nc3 dxc4 11. Nb5 Kd8 12. Qd2+ Bd7 13. Na3 b6 14. c6
Nxc6 15. Nxc4 b5 16. Ne3 a5 17. Neg4 Qe7 18. Qg2 a4 19. Ne5 Nxe5 20. Qxa8+ Bc8
21. fxe5 a3 22. bxa3 b4 23. Bb2 bxa3 24. O-O-O+ Ke8 25. Qxc8+ Qd8 26. Qxd8# 1-0

[Event "Junior Online 4NCL Division 5"]
[Site "online"]
[Date "2021.01.21"]
[Round "1.225"]
[White "Pyla, Akhil"]
[Black "Kovalev, Rostislav"]
[Result "1-0"]
[WhiteElo "1426"]
[BlackElo "800"]
[PlyCount "89"]
[EventDate "2021.01.21"]
[WhiteTeam "Chess Challengers E"]
[BlackTeam "Brentwood School C"]

1. e4 e5 2. Nf3 Nc6 3. Bc4 h6 4. d3 Nf6 5. Nc3 Bb4 6. Bd2 d6 7. Nd5 Nxd5 8.
Bxd5 Bxd2+ 9. Qxd2 Bd7 10. Bxc6 Bxc6 11. Qb4 O-O 12. O-O a5 13. Qc3 b5 14. Qxc6
b4 15. Qa4 c5 16. c3 bxc3 17. bxc3 Rb8 18. d4 cxd4 19. cxd4 exd4 20. Nxd4 Rb4
21. Qd1 d5 22. Nc6 dxe4 23. Nxd8 Rxd8 24. Qxd8+ Kh7 25. Qxa5 Rb8 26. Rfe1 g5
27. Rxe4 f6 28. Qf5+ Kg7 29. Re7+ Kf8 30. Qh7 Rb7 31. Qh8+ Kxe7 32. Qh7+ Ke6
33. Qxb7 Kf5 34. Rc1 Kg6 35. Rc6 Kh5 36. Qf7+ Kg4 37. Rc4+ Kf5 38. Qd5+ Kg6 39.
a4 Kg7 40. Qf5 Kf7 41. Rc6 Ke7 42. Qh7+ Kd8 43. Rxf6 Ke8 44. Ra6 Kf8 45. Ra8#
1-0

[Event "Junior Online 4NCL Division 5"]
[Site "online"]
[Date "2021.01.21"]
[Round "1.226"]
[White "Jassar, Ryan"]
[Black "Pang, Isobel"]
[Result "0-1"]
[WhiteElo "800"]
[BlackElo "1420"]
[PlyCount "50"]
[EventDate "2021.01.21"]
[WhiteTeam "Brentwood School C"]
[BlackTeam "Chess Challengers E"]

1. Nf3 b6 2. e3 Bb7 3. g3 d5 4. Bg2 Nf6 5. O-O e6 6. Ne1 Bc5 7. g4 g5 8. Nd3
Bd6 9. b3 Qd7 10. Bb2 Qe7 11. Qf3 Nbd7 12. Kh1 O-O-O 13. Nc3 h5 14. Nb5 hxg4
15. Nxa7+ Kb8 16. Qe2 Kxa7 17. a4 Rxh2+ 18. Kg1 Qf8 19. f4 Qh6 20. a5 Kb8 21.
axb6 cxb6 22. Ra2 g3 23. Rfa1 Rh8 24. Ne1 Rh1+ 25. Bxh1 Qxh1# 0-1

[Event "Junior Online 4NCL Division 5"]
[Site "online"]
[Date "2021.01.21"]
[Round "1.227"]
[White "Mohanraj, Vibu Karthik"]
[Black "Wand, Matthew"]
[Result "1-0"]
[WhiteElo "1420"]
[BlackElo "750"]
[PlyCount "103"]
[EventDate "2021.01.21"]
[WhiteTeam "Chess Challengers E"]
[BlackTeam "Brentwood School C"]

1. e4 e6 2. Nf3 Bc5 3. Be2 Qe7 4. O-O Qd6 5. Nc3 Qb6 6. d4 Bf8 7. Bg5 f6 8. Bh4
g5 9. Bg3 h5 10. e5 g4 11. Nh4 fxe5 12. dxe5 Bc5 13. Bd3 Nh6 14. Bg6+ Kd8 15.
Na4 Bxf2+ 16. Bxf2 Qd6 17. Qxd6 cxd6 18. Rfd1 b5 19. Nc3 b4 20. Na4 b3 21. axb3
dxe5 22. c4 e4 23. Bd4 Nc6 24. Bxh8 e3 25. Be4 e2 26. Re1 Nd4 27. Bxa8 Nc2 28.
Kf2 Nxa1 29. Rxa1 Nf7 30. Bf6+ Kc7 31. Kxe2 g3 32. hxg3 e5 33. Nf3 e4 34. Bxe4
Bb7 35. Bxb7 Kxb7 36. Ne5 Nxe5 37. Bxe5 Kc6 38. Rh1 d6 39. Rxh5 dxe5 40. Rxe5
Kd6 41. Re3 a5 42. g4 Kd7 43. g5 Kc6 44. g6 Kd6 45. g7 Kc6 46. g8=Q Kd6 47.
Qe6+ Kc7 48. Qf7+ Kd6 49. Qf5 Kc6 50. Re6+ Kd7 51. Qf7+ Kc8 52. Re8# 1-0

[Event "Junior Online 4NCL Division 5"]
[Site "online"]
[Date "2021.01.21"]
[Round "1.228"]
[White "Wagner, Jacob"]
[Black "Sethi, Siddharth"]
[Result "0-1"]
[WhiteElo "750"]
[BlackElo "1416"]
[PlyCount "42"]
[EventDate "2021.01.21"]
[WhiteTeam "Brentwood School C"]
[BlackTeam "Chess Challengers E"]

1. e3 d5 2. Qf3 e5 3. Nc3 Nc6 4. Nxd5 Be6 5. c4 Bxd5 6. cxd5 Nb4 7. d6 Nc2+ 8.
Kd1 Nxa1 9. Qxb7 Bxd6 10. Bb5+ Kf8 11. Bc6 Rb8 12. Qxa7 Nf6 13. Be4 Nxe4 14. f3
Nf2+ 15. Ke2 Nxh1 16. a4 Ra8 17. Qxa8 Qxa8 18. b3 Nxb3 19. Kf1 Nxc1 20. Nh3
Qxa4 21. Kg1 Qd1# 0-1

[Event "Junior Online 4NCL Division 5"]
[Site "online"]
[Date "2021.01.21"]
[Round "1.231"]
[White "Barrio, Ricardo"]
[Black "Liu, Reuben"]
[Result "1/2-1/2"]
[WhiteElo "1075"]
[BlackElo "840"]
[PlyCount "98"]
[EventDate "2021.01.21"]
[WhiteTeam "Ojays H"]
[BlackTeam "Surrey Kings 5"]

1. e4 c5 2. Nf3 Nc6 3. Bc4 Nf6 4. Nc3 e6 5. d3 Bd6 6. O-O O-O 7. Bg5 Nd4 8.
Nxd4 cxd4 9. Nb5 Be7 10. c3 dxc3 11. bxc3 Ng4 12. Qxg4 Bxg5 13. Rae1 Bd2 14.
Re2 Bg5 15. d4 d5 16. e5 dxc4 17. Nd6 Bd7 18. Nxc4 Bb5 19. f4 Bxc4 20. Re4 Bxf1
21. fxg5 Bd3 22. Re3 Bf5 23. Qh4 Bg6 24. Rh3 Bf5 25. Rg3 Qa5 26. g6 h6 27.
gxf7+ Rxf7 28. Qh5 g6 29. Qxh6 Rh7 30. Qg5 Rh5 31. Qf6 Qxa2 32. Re3 Qa1+ 33.
Kf2 Qa2+ 34. Kg3 Rf8 35. d5 Rxf6 36. exf6 Qxd5 37. Kf2 Rxh2 38. Ke2 Rxg2+ 39.
Kf1 Ra2 40. f7+ Kxf7 41. Re2 Rxe2 42. Kxe2 Qe5+ 43. Kd2 g5 44. Kd1 Qxc3 45. Ke2
g4 46. Kf2 Qf3+ 47. Ke1 g3 48. Kd2 g2 49. Kc1 Qe2 1/2-1/2

[Event "Junior Online 4NCL Division 5"]
[Site "online"]
[Date "2021.01.21"]
[Round "1.232"]
[White "Song, Meilin"]
[Black "Conlon, George"]
[Result "0-1"]
[WhiteElo "910"]
[BlackElo "925"]
[PlyCount "70"]
[EventDate "2021.01.21"]
[WhiteTeam "Surrey Kings 5"]
[BlackTeam "Ojays H"]

1. e4 d5 2. Nf3 Nf6 3. exd5 Nxd5 4. Bb5+ c6 5. Bc4 Bg4 6. Bxd5 Qxd5 7. O-O Nd7
8. Nc3 Qh5 9. d3 Ne5 10. Nxe5 Bxd1 11. Rxd1 Qxe5 12. d4 Qe6 13. h3 O-O-O 14.
Bg5 Qf5 15. Be3 Qxc2 16. d5 cxd5 17. Nxd5 Qxb2 18. Bxa7 Rxd5 19. Rxd5 Qxa1+ 20.
Kh2 Qxa2 21. Rc5+ Kd7 22. Bb6 e6 23. Rc7+ Kd6 24. Rxf7 Kc6 25. Bd4 e5 26. Bxe5
Qxf7 27. f3 Bd6 28. Bxd6 Kxd6 29. g4 Qxf3 30. h4 Qxg4 31. h5 h6 32. Kh1 Ke5 33.
Kh2 Kf4 34. Kh1 Kf3 35. Kh2 Qg2# 0-1